|
|
|
|
| LEADER |
00000nam a22000007a 4500 |
| 005 |
20170902234529.0 |
| 007 |
cr|||| |||| |
| 008 |
170902s2006 mx |||||s||||f00||0 spa d |
| 020 |
|
|
|a 970-9764-08-X
|
| 035 |
|
|
|a 20426
|
| 040 |
|
|
|a vLex
|
| 090 |
|
|
|c 6904
|d 6904
|
| 245 |
0 |
0 |
|a Nueva ruralidad enfoques y propuestas para Amřica Latina
|h [Recurso electrn̤ico] /
|
| 256 |
|
|
|a Servicio en ln̕ea
|
| 260 |
|
|
|a Ciudad de Mx̌ico:
|b Cm̀ara de Diputados,
|c 2006
|
| 300 |
|
|
|a 1 recurso electrn̤ico
|
| 500 |
|
|
|a La globalizacin̤ ha marcado un nuevo escenario para el desarrollo futuro de la sociedad rural. Las aceleradas transformaciones del mundo rural latinoamericano han generando una serie de discursos, narrativas y enfoques ter̤icos que, en azarosos caminos y no pocos callejones sin salida, han buscado dar cuenta de las nuevas realidades y de sus rumbos posibles, derivando al concepto de “nueva ruralidad”, motivo de este estudio. Nueva Ruralidad: enfoques y propuestas para Amřica Latina constituye la primera publicacin̤ de la Coleccin̤ Estudios e Investigaciones, producto del ambicioso programa editorial y de divulgacin̤ de materiales sobre desarrollo rural sustentable y soberana̕ alimentaria generados por el CEDRSSA, en conjuncin̤ con universidades, institutos y consultores, que integran la Red Acadm̌ica de Colaboracin̤ en Estudios Rurales (RACER).
|
| 506 |
1 |
|
|a Disponible solo en los productos indicados
|d vLex Global
|d vLex Global (Academic Edition, excluding Law Schools)
|d vLex Global (U.S. Academic Edition, Law Schools)
|d vLex Global (U.S. Academic Edition, excluding Law Schools)
|d vLex Global (Academic Edition, Law Schools)
|
| 650 |
0 |
4 |
|a Derecho Mercantil y de la Empresa
|z Mx̌ico
|
| 650 |
0 |
4 |
|a Derecho Pb︢lico y Administrativo
|z Mx̌ico
|
| 740 |
0 |
|
|a vLex Libros (Servicio en ln̕ea)
|
| 856 |
4 |
0 |
|u http://vlex.com/source/nueva-ruralidad-enfoques-y-propuestas-para-america-latina-20426
|z Acceso restringido
|
| 942 |
|
|
|c BOOK
|
| 999 |
0 |
|
|a Commercial and Company Law
|
| 999 |
0 |
|
|a Public and Administrative Law
|